[Event "FWCT 2019"]
[Site "Kazan"]
[Date "2019.05.31"]
[Round "1.1"]
[White "Gunina, Valentina"]
[Black "Lagno, Kateryna"]
[Result "1/2-1/2"]
[WhiteElo "2506"]
[BlackElo "2554"]
[Annotator "TA"]
[PlyCount "119"]
[EventDate "2019.05.11"]
[EventType "tourn"]
[EventCountry "RUS"]
[SourceTitle "playchess.com"]
[Source "ChessBase"]
[SourceQuality "1"]

{[%evp 19,119,26,47,29,61,52,80,70,65,61,66,66,93,101,125,86,87,52,35,23,31,37,27,37,34,39,30,34,42,28,33,0,0,0,2,0,11,0,0,-60,6,0,17,12,19,0,0,-49,-50,-63,-56,-97,-95,-91,-105,-203,-218,-273,-277,-285,-164,-291,-290,-305,-218,-193,-228,-216,-160,-165,-170,-158,-76,-83,0,0,0,0,0,0,0,0,0,0,0,0,0,0,0,0,0,0,0,-22,0,0,0,0,0,0,0,0]} 1. e4 e5 2. Nf3 Nc6 3. Bb5 a6 4. Ba4 d6 5. c3 Bd7 6. O-O g6 7. d4 Bg7 8. Bg5 f6 9. Be3 Nh6 10. dxe5 dxe5 11. c4 {C76: Ruy Lopez: Deferred Steinitz: 5 c3 Bd7 6 d4 g6} (11. Bc5 Bf8 12. Bxf8 Kxf8 13. Qd2 Nf7 14. Rd1 Be8 15. Qxd8 Ncxd8 16. Bxe8 Kxe8 17. Nbd2 Nd6 18. Ne1 a5 {½-½ (29) Harikrishna,P (2744)-Mamedyarov,S (2799) Riadh 2017}) 11... Nf7 12. Nc3 Ne7 $146 ({Predecessor:} 12... O-O 13. b4 f5 14. b5 Na5 15. Bc5 Re8 16. bxa6 Bxa4 17. Qxa4 Rxa6 18. Rfd1 Qc8 {0-1 (44) Zhigalko,A (2543)-Alekseenko,K (2639) Czech Republic 2018}) 13. Qb3 {White is better.} Bxa4 14. Qxa4+ Qd7 15. Qb4 b6 16. Rfd1 Qc6 17. Nd5 Nxd5 18. exd5 (18. cxd5 {looks sharper.} Qd7 19. Rac1 Bf8 20. Qc4 Bd6 21. Ne1) 18... Qd7 19. c5 bxc5 20. Bxc5 Nd6 21. Bxd6 cxd6 22. Rac1 O-O 23. Rc6 Rfb8 24. Qa3 Bf8 25. h3 Qb7 26. b3 Qb5 27. Qc1 a5 28. Nh2 f5 29. Qg5 (29. Rc4 $11) 29... Qb7 (29... Rb7 $15) 30. Rdc1 $11 {Strongly threatening Rc7.} Qe7 31. Qd2 e4 32. Rc7 Qe5 33. Re1 Rb5 34. Rd1 a4 35. bxa4 Rxa4 36. Rc8 Rb2 37. Qh6 (37. Qg5 $17 Ra7 38. a3) 37... Qg7 $19 38. Qf4 Raxa2 39. Rf1 Rc2 (39... Qe7 $142 {Hoping for ...e3!} 40. Rc3 Qb7) 40. Re8 (40. Qxd6 $142 Rxc8 41. Qe6+ Qf7 42. Qxc8) 40... Qf7 41. Rb8 Rab2 ({Weaker is} 41... Qxd5 {[#]} 42. Ng4 $1 $16 {[%mdl 512]}) 42. Rxb2 Rxb2 43. Rd1 Qa7 {...Bh6! is the strong threat.} 44. Nf1 {[#]} Bh6 $1 {[%mdl 512]} 45. Qh4 (45. Qxh6 Qxf2+) 45... Kg7 (45... Rc2 $142 {And now ...Kg7 would win.} 46. Re1 Kg7) 46. Ra1 $17 Qxa1 ({Better is} 46... Qf7 $17 47. Qg3 Qf6) 47. Qe7+ $11 {The position is equal.} Kg8 48. Qe6+ Kf8 49. Qc8+ $1 Ke7 50. Qc7+ $1 Ke8 51. Qc8+ $1 Ke7 52. Qc7+ $1 Kf6 53. Qxd6+ Kg5 54. Qe7+ Kh5 55. g3 $1 {[%csl Gg3][%cal Re7h4]} Bg5 56. Qxh7+ Bh6 57. Qe7 {[%csl Gg3][%cal Re7h4]} Bg5 58. Qh7+ Bh6 59. Qe7 {[%csl Gg3][%cal Re7h4]} Bg5 60. Qh7+ {Accuracy: White = 48%, Black = 55%.} 1/2-1/2

[Event "FWCT 2019"]
[Site "Kazan"]
[Date "2019.05.31"]
[Round "1.2"]
[White "Kosteniuk, Alexandra"]
[Black "Goryachkina, Alexandra"]
[Result "1/2-1/2"]
[WhiteElo "2546"]
[BlackElo "2522"]
[Annotator "TA"]
[PlyCount "121"]
[EventDate "2019.05.11"]
[EventType "tourn"]
[EventCountry "RUS"]
[SourceTitle "playchess.com"]
[Source "ChessBase"]
[SourceQuality "1"]

{[%evp 9,121,34,20,20,21,0,0,-3,17,19,23,30,20,19,48,40,52,50,46,48,77,49,45,21,23,22,12,0,0,-10,-22,-18,0,0,0,0,8,-6,0,-6,0,0,0,0,0,0,0,0,7,0,43,44,29,2,8,22,44,0,0,0,24,0,0,0,0,0,0,-16,0,-42,-40,-56,-58,-51,0,-61,0,-48,-49,-183,-168,-208,-118,-124,-104,-123,-119,-133,-112,-112,0,-67,-30,-64,-19,-19,0,0,0,0,0,-19,-19,-18,-22,-73,0,0,0,0,0,0,0,0]} 1. e4 e5 2. Nf3 Nc6 3. Bb5 g6 4. c3 a6 5. Bc4 Bg7 6. d4 {C60: Ruy Lopez: Unusual Black 3rd moves and 3...g6} exd4 7. Bg5 $146 ({Predecessor:} 7. cxd4 d6 8. O-O Nf6 9. Nc3 O-O 10. d5 Ne5 11. Nxe5 dxe5 12. Be3 Ne8 {1-0 (58) Grischuk,A (2766)-Mamedyarov,S (2808) Leuven 2018}) 7... Nge7 8. Nxd4 h6 (8... Nxd4 {seems wilder.} 9. cxd4 h6 10. Bh4 d5 11. exd5 O-O) 9. Nxc6 bxc6 10. Be3 d5 11. Bb3 Qd6 12. Nd2 O-O 13. O-O Be6 14. Qc1 f5 15. Rd1 g5 16. exd5 cxd5 17. Bd4 c5 18. Bxg7 Kxg7 19. Nc4 Qc7 20. Qe3 Bg8 ({Don't blunder} 20... dxc4 $2 21. Qxe6 Rf6 22. Qxc4 $18) 21. Qe5+ Qxe5 22. Nxe5 Rfd8 23. Ba4 Rac8 24. Rd2 Rc7 25. Rad1 Kf6 26. Re1 Nc8 27. g3 Nb6 28. Bb3 Re7 29. f4 Rde8 30. Kf2 a5 {[%cal Ba6a5,Ba5a4][%mdl 32]} 31. Red1 a4 32. Bc2 Be6 33. Nd3 Rc7 34. Re2 Bd7 35. Rxe8 (35. Ne5 {looks sharper.} Bb5 36. Bd3 Bxd3 37. Rxd3 Ree7 38. Rd1) 35... Bxe8 36. Re1 Bb5 37. Re5 Bd7 38. Bd1 Be6 39. Bf3 Nc4 40. Re1 Nd6 41. Ke3 Nc4+ 42. Kf2 Nd6 43. Ke3 $1 {[#]} a3 $1 {[%mdl 512]} 44. b4 (44. bxa3 $15 Ne4 45. Bxe4 dxe4 46. Nb2) 44... cxb4 $19 45. cxb4 d4+ (45... Rc4 $19 {Strongly threatening ...d4+.} 46. Re2 d4+ 47. Kf2 {[#]} Ne4+ $1 {[%mdl 512]} 48. Ke1 Nc3) 46. Kxd4 $17 Nb5+ 47. Ke3 Bxa2 48. Ne5 Be6 {And now ...a2 would win.} 49. Bc6 Nd6 (49... gxf4+ $17 50. gxf4 Na7) 50. Kd4 (50. b5 $11) 50... a2 $15 51. Ra1 Ra7 52. b5 Nc8 {aiming for ...gxf4.} 53. Kc5 Ra3 54. Bd5 {Threatens to win with Nc4.} Rc3+ 55. Kb4 Rc2 56. Bxe6 Kxe6 57. Nc4 (57. Kb3 $11 {keeps the balance.} Rxh2 58. Nf3) 57... Rxh2 ({Better is} 57... Nd6 $17 58. Nxd6 Kxd6) 58. b6 $11 {[#]The position is equal.} Nxb6 $1 {[%mdl 512]} 59. Nxb6 Rg2 {With the idea ...gxf4.} 60. Nc4 Rxg3 61. fxg5 {Accuracy: White = 49%, Black = 54%.} 1/2-1/2

[Event "FWCT 2019"]
[Site "Kazan"]
[Date "2019.05.31"]
[Round "1.3"]
[White "Dzagnidze, Nana"]
[Black "Tan, Zhongyi"]
[Result "1/2-1/2"]
[WhiteElo "2510"]
[BlackElo "2513"]
[Annotator "TA"]
[PlyCount "63"]
[EventDate "2019.05.11"]
[EventType "tourn"]
[EventCountry "RUS"]
[SourceTitle "playchess.com"]
[Source "ChessBase"]
[SourceQuality "1"]

{[%evp 9,63,-18,0,0,0,0,0,6,1,0,18,-10,-3,-12,0,0,7,0,0,0,2,5,8,18,18,16,17,16,15,0,0,0,0,0,0,0,0,4,9,4,12,10,9,15,15,12,11,0,0,0,9,0,6,0,10,0]} 1. e4 e5 2. Nf3 Nf6 3. Nxe5 d6 4. Nd3 (4. Nf3 Nxe4 5. d4 d5 6. Bd3 Bd6 7. O-O O-O 8. c4 c6 9. Re1 Bf5 10. Qb3 Qd7 11. Nc3 Nxc3 12. Bxf5 Qxf5 13. bxc3 b6 14. Bg5 dxc4 15. Qxc4 b5 16. Qb3 Nd7 17. Be7 Bxe7 18. Rxe7 {½-½ (30) Naiditsch,A (2695)-Wang,H (2726) China 2019}) 4... Nxe4 5. Nc3 Nf6 {The position is equal.} 6. Nf4 {C42: Petroff Defence: 3 Nxe5 and unusual White 3rd moves} d5 7. d4 Be7 $146 ({Predecessor:} 7... c6 8. Bd3 Bd6 9. O-O O-O 10. h3 Re8 11. Qf3 Nbd7 {1-0 (33) Schneider,V (2331)-Lee,K (2126) Amsterdam 2012}) 8. Be3 c6 9. Bd3 Na6 10. a3 (10. Bxa6 $5 bxa6 11. Nd3 $11) 10... Nc7 11. f3 c5 12. b3 b6 13. O-O O-O 14. Qd2 Re8 15. Rfe1 Bd6 16. Bf2 Ne6 17. Nfxd5 Nxd5 18. Nxd5 {Strongly threatening dxc5.} cxd4 19. c4 dxc3 20. Nxc3 Ba6 21. Nd5 Bxd3 22. Qxd3 Bc5 23. Bxc5 Nxc5 24. Qc4 Qd6 25. b4 Rxe1+ 26. Rxe1 Ne6 27. Rd1 {[#] Threatens to win with Nf6+!} Kh8 28. Nc3 Qe7 29. Nd5 Qd6 30. Nc3 Qe7 31. Nd5 Qd6 32. Nc3 {Accuracy: White = 59%, Black = 75%.} 1/2-1/2

[Event "FWCT 2019"]
[Site "Kazan"]
[Date "2019.05.31"]
[Round "1.4"]
[White "Muzychuk, Mariya"]
[Black "Muzychuk, Anna"]
[Result "1/2-1/2"]
[WhiteElo "2563"]
[BlackElo "2539"]
[Annotator "TA"]
[PlyCount "40"]
[EventDate "2019.05.11"]
[EventType "tourn"]
[EventCountry "RUS"]
[SourceTitle "playchess.com"]
[Source "ChessBase"]
[SourceQuality "1"]

{[%evp 10,40,4,-8,4,0,0,0,6,3,6,0,12,16,6,1,15,7,13,22,8,0,0,0,0,-12,0,0,0,-4,0,0,0]} 1. c4 e5 2. Nc3 Nf6 3. Nf3 Nc6 4. g3 d5 5. cxd5 Nxd5 6. Bg2 {The position is equal.} Bc5 {A29: English Opening: Four Knights Variation with 4 g3} 7. O-O O-O 8. d3 Re8 9. Ng5 Nf6 10. Qb3 Qe7 11. Bxc6 $146 ({Predecessor:} 11. Nd5 Nxd5 12. Bxd5 Nd8 13. Qc4 Bd4 14. Bg2 {1-0 (68) Caruana,F (2799)-Adams,M (2715) London 2017}) 11... bxc6 12. Nge4 Nxe4 13. Nxe4 Be6 14. Qc2 Bd4 15. Bd2 Bd5 16. Nc3 Be6 17. Ne4 Bd5 18. Nc3 Be6 19. Ne4 Bd5 20. Nc3 Be6 {Accuracy: White = 78%, Black = 62%.} 1/2-1/2

[Event "FWCT 2019"]
[Site "Kazan"]
[Date "2019.06.01"]
[Round "2.1"]
[White "Lagno, Kateryna"]
[Black "Kosteniuk, Alexandra"]
[Result "1/2-1/2"]
[WhiteElo "2554"]
[BlackElo "2546"]
[Annotator "TA"]
[PlyCount "59"]
[EventDate "2019.05.11"]
[EventType "tourn"]
[EventCountry "RUS"]
[SourceTitle "playchess.com"]
[Source "ChessBase"]
[SourceQuality "1"]

{[%evp 13,59,21,24,20,30,20,26,27,25,20,39,41,42,39,68,50,35,37,52,60,60,81,104,106,106,53,53,51,84,51,51,54,54,50,106,20,24,10,50,55,41,39,116,-25,0,0,0,0]} 1. e4 e5 2. Nf3 Nc6 3. Bb5 a6 4. Ba4 Nf6 5. d3 d6 6. c3 g6 7. O-O Bg7 8. h3 {C77: Ruy Lopez: 3...a6 4 Ba4 Nf6, unusual lines} O-O 9. Be3 b5 10. Bc2 {White has an edge.} d5 11. Nbd2 {[%cal Bb1d2,Bd2b3,Bb3c5,Bc5e6][%mdl 32]} h6 (11... Re8 12. a4 Rb8 13. Re1 b4 14. a5 bxc3 15. bxc3 h6 {½-½ (62) Caruana,F (2828)-Postny,E (2623) chess.com INT 2019}) 12. a4 $146 {aiming for axb5.} ({Predecessor:} 12. d4 exd4 13. Nxd4 Nxd4 14. Bxd4 dxe4 15. Nxe4 Bb7 {½-½ (50) Yanjindulam,D (2123)-Kusenkova,N (2167) Batumi 2018}) 12... Be6 13. Nb3 Nd7 14. d4 bxa4 15. Rxa4 Nb6 16. Ra1 Nc4 17. Nc5 exd4 18. Nxe6 fxe6 19. Nxd4 (19. Bxd4 $16 Nxb2 20. Qe2) 19... Nxe3 $14 20. fxe3 Nxd4 21. exd4 Rxf1+ 22. Qxf1 {Threatens to win with exd5.} Qg5 23. Qd3 Rb8 ({Black should play} 23... e5 $14) 24. b4 (24. exd5 $16 exd5 25. Rxa6 (25. Qxg6 Qxg6 26. Bxg6 Rxb2 $14) 25... Qc1+ 26. Kh2 Qf4+ 27. Qg3 Qxg3+ 28. Kxg3) 24... e5 $11 25. dxe5 dxe4 26. Qxe4 {And now Rf1 would win.} Bxe5 27. Rf1 {Black must now prevent h4.} Kg7 {[#]} (27... Kh8 $14) 28. Qf3 ({White must play} 28. h4 $1 $16 {[%cal Rh4g5]} Qg3 29. Rf3 Qh2+ 30. Kf1) 28... Qg3 {Strongly threatening ...Qh2+.} 29. Qxg3 Bxg3 30. Rf3 {Accuracy: White = 59%, Black = 43%.} 1/2-1/2

[Event "FWCT 2019"]
[Site "Kazan"]
[Date "2019.06.01"]
[Round "2.2"]
[White "Goryachkina, Aleksandra"]
[Black "Gunina, Valentina"]
[Result "1-0"]
[WhiteElo "2522"]
[BlackElo "2506"]
[Annotator "ChessBase"]
[PlyCount "183"]
[EventDate "2019.05.11"]
[EventType "tourn"]
[EventCountry "RUS"]
[SourceTitle "playchess.com"]
[Source "ChessBase"]
[SourceQuality "1"]
[TimeControl "40/5400+30:1800+30"]

1. d4 {[%emt 0:00:00]} Nf6 {[%emt 0:00:04]} 2. c4 {[%emt 0:00:00]} e6 {[%emt 0:00:09]} 3. Nf3 {[%emt 0:00:00]} b6 {[%emt 0:00:58]} 4. g3 {[%emt 0:00:10]} Ba6 {[%emt 0:00:18]} 5. Qc2 {[%emt 0:00:44]} c5 {[%emt 0:07:39]} 6. d5 {[%emt 0:00:29]} exd5 {[%emt 0:00:10]} 7. cxd5 {[%emt 0:00:06]} Bb7 {[%emt 0:00:04]} 8. Bg2 {[%emt 0:00:40]} Nxd5 {[%emt 0:00:57]} 9. O-O {[%emt 0:00:50]} Be7 {[%emt 0:00:20]} 10. Rd1 {[%emt 0:02:31]} Nc6 {[%emt 0:00:23]} 11. a3 {[%emt 0:01:24]} Nc7 {[%emt 0:23:44]} 12. Nc3 {[%emt 0:02:46]} O-O {[%emt 0:08:01]} 13. Bf4 {[%emt 0:00:38]} d6 {[%emt 0:09:19]} 14. e3 {[%emt 0:18:30]} h6 {[%emt 0:17:49]} 15. h4 {[%emt 0:04:21]} Ne6 {[%emt 0:08:57]} 16. Bxd6 {[%emt 0:09:03]} Bxd6 {[%emt 0:02:54]} 17. Ne4 {[%emt 0:00:50]} Ncd4 {[%emt 0:04:31]} 18. exd4 {[%emt 0:01:15]} Bxe4 {[%emt 0:03:06]} 19. Qxe4 {[%emt 0:00:28]} Qf6 {[%emt 0:00:09]} 20. dxc5 {[%emt 0:15:17]} Nxc5 {[%emt 0:02:48]} 21. Qd4 {[%emt 0:02:09]} Nb3 {[%emt 0:04:34]} 22. Qxf6 {[%emt 0:03:10]} gxf6 {[%emt 0:00:01]} 23. Rab1 {[%emt 0:08:58]} Rad8 {[%emt 0:00:02]} 24. Nh2 {[%emt 0:00:52]} Bc5 {[%emt 0:01:02]} 25. Ng4 {[%emt 0:03:46]} Kg7 {[%emt 0:00:49]} 26. Bd5 {[%emt 0:05:18]} Nd4 {[%emt 0:00:05]} 27. Ne3 {[%emt 0:00:21]} b5 {[%emt 0:00:43]} 28. Kg2 {[%emt 0:03:45]} Rfe8 {[%emt 0:00:16]} 29. Rd3 {[%emt 0:01:54]} Re5 {[%emt 0:01:42]} 30. Ba2 {[%emt 0:02:11]} Nc6 {[%emt 0:01:48]} 31. Rxd8 {[%emt 0:02:33]} Nxd8 {[%emt 0:00:01]} 32. Rd1 {[%emt 0:00:23]} Ne6 {[%emt 0:01:48]} 33. Bxe6 {[%emt 0:05:05]} fxe6 {[%emt 0:00:25]} 34. Rd7+ {[%emt 0:00:21]} Kg6 {[%emt 0:00:08]} 35. Kf3 {[%emt 0:00:10]} h5 {[%emt 0:00:49]} 36. Ng2 {[%emt 0:00:53]} Kh6 {[%emt 0:00:50]} 37. Nf4 {[%emt 0:00:22]} a5 {[%emt 0:00:31]} 38. Nd3 {[%emt 0:02:58]} Rf5+ {[%emt 0:00:15]} 39. Ke2 {[%emt 0:00:08]} Bf8 {[%emt 0:00:44]} 40. Ke3 {[%emt 0:00:00]} Bc5+ {[%emt 0:00:00]} 41. Ke2 {[%emt 0:04:05]} a4 {[%emt 0:12:07]} 42. f3 {[%emt 0:07:18]} Bf8 {[%emt 0:00:59]} 43. Ke3 {[%emt 0:01:05]} Kg6 {[%emt 0:04:06]} 44. Ke4 {[%emt 0:04:37]} Kh6 {[%emt 0:04:21]} 45. Ke3 {[%emt 0:06:57]} Kg6 {[%emt 0:00:57]} 46. Ke2 {[%emt 0:01:00]} Kh6 {[%emt 0:02:18]} 47. g4 {[%emt 0:02:42]} hxg4 {[%emt 0:02:22]} 48. fxg4 {[%emt 0:00:01]} Rd5 {[%emt 0:00:06]} 49. Rf7 {[%emt 0:01:29]} Bg7 {[%emt 0:00:47]} 50. Nf4 {[%emt 0:00:34]} Re5+ {[%emt 0:03:40]} 51. Kf3 {[%emt 0:01:40]} Re1 {[%emt 0:01:35]} 52. Rb7 {[%emt 0:03:58]} Rf1+ {[%emt 0:01:26]} 53. Ke3 {[%emt 0:00:36]} Bf8 {[%emt 0:01:18]} 54. Rxb5 {[%emt 0:00:24]} Bd6 {[%emt 0:00:39]} 55. Rh5+ {[%emt 0:00:31]} Kg7 {[%emt 0:00:01]} 56. Nxe6+ {[%emt 0:00:15]} Kg6 {[%emt 0:00:41]} 57. Nd4 {[%emt 0:01:05]} Be5 {[%emt 0:00:38]} 58. Nf3 {[%emt 0:03:38]} Bxb2 {[%emt 0:00:14]} 59. Ra5 {[%emt 0:00:08]} Bxa3 {[%emt 0:00:17]} 60. Rxa4 {[%emt 0:00:10]} Bc5+ {[%emt 0:00:10]} 61. Ke4 {[%emt 0:00:24]} Rf2 {[%emt 0:01:29]} 62. h5+ {[%emt 0:00:29]} Kg7 {[%emt 0:00:22]} 63. Nh4 {[%emt 0:01:17]} Kh6 {[%emt 0:00:33]} 64. Ra5 {[%emt 0:00:37]} Re2+ {[%emt 0:01:08]} 65. Kf3 {[%emt 0:00:26]} Rf2+ {[%emt 0:00:38]} 66. Kg3 {[%emt 0:01:08]} Rc2 {[%emt 0:00:05]} 67. Nf5+ {[%emt 0:00:25]} Kg5 {[%emt 0:00:33]} 68. h6 {[%emt 0:00:40]} Rc3+ {[%emt 0:00:10]} 69. Kg2 {[%emt 0:00:13]} Kxg4 {[%emt 0:00:12]} 70. h7 {[%emt 0:00:43]} Rc2+ {[%emt 0:00:08]} 71. Kf1 {[%emt 0:00:39]} Rh2 {[%emt 0:01:11]} 72. Nh4 {[%emt 0:00:45]} Kg3 {[%emt 0:01:18]} 73. h8=Q {[%emt 0:00:31]} Rf2+ {[%emt 0:00:10]} 74. Ke1 {[%emt 0:00:14]} Bb4+ {[%emt 0:00:03]} 75. Kd1 {[%emt 0:00:04]} Bxa5 {[%emt 0:00:04]} 76. Ng6 {[%emt 0:00:15]} Bd2 {[%emt 0:01:39]} 77. Qh4+ {[%emt 0:00:28]} Kf3 {[%emt 0:00:35]} 78. Qxf6+ {[%emt 0:00:27]} Kg2 {[%emt 0:00:19]} 79. Qc6+ {[%emt 0:00:11]} Kg1 {[%emt 0:00:42]} 80. Nh4 {[%emt 0:00:37]} Bf4 {[%emt 0:00:22]} 81. Qg6+ {[%emt 0:00:38]} Kh2 {[%emt 0:00:25]} 82. Qg4 {[%emt 0:00:48]} Bg3 {[%emt 0:00:38]} 83. Nf5 {[%emt 0:00:25]} Rf1+ {[%emt 0:00:36]} 84. Ke2 {[%emt 0:00:23]} Rf2+ {[%emt 0:00:22]} 85. Kd3 {[%emt 0:00:28]} Rg2 {[%emt 0:00:22]} 86. Qh5+ {[%emt 0:00:36]} Kg1 {[%emt 0:00:04]} 87. Ne3 {[%emt 0:00:45]} Ra2 {[%emt 0:00:37]} 88. Qg6 {[%emt 0:00:49]} Kh2 {[%emt 0:00:48]} 89. Qh7+ {[%emt 0:00:13]} Kg1 {[%emt 0:00:04]} 90. Qg8 {[%emt 0:00:09]} Ra3+ {[%emt 0:00:15]} 91. Ke2 {[%emt 0:00:20]} Kh2 {[%emt 0:01:07]} 92. Kf3 {[%emt 0:00:25]} 1-0

[Event "FWCT 2019"]
[Site "Kazan"]
[Date "2019.06.01"]
[Round "2.3"]
[White "Tan, Zhongyi"]
[Black "Muzychuk, Mariya"]
[Result "1/2-1/2"]
[WhiteElo "2513"]
[BlackElo "2563"]
[Annotator "TA"]
[PlyCount "89"]
[EventDate "2019.05.11"]
[EventType "tourn"]
[EventCountry "RUS"]
[SourceTitle "playchess.com"]
[Source "ChessBase"]
[SourceQuality "1"]

{[%evp 17,89,15,25,20,26,23,16,22,21,12,12,6,16,16,10,13,8,10,9,12,17,8,10,0,3,6,0,0,2,-52,-58,-75,-69,-70,-83,-79,-28,-28,26,20,21,21,29,28,38,13,13,13,13,2,2,2,3,3,11,3,3,3,3,3,9,0,0,-13,-14,-14,-13,-14,0,0,0,-17,0,0]} 1. d4 d5 2. c4 c6 3. Nf3 Nf6 4. Nc3 e6 5. e3 Nbd7 6. Qc2 Bd6 7. Bd3 O-O ({Predecessor:} 7... e5 8. cxd5 cxd5 9. Nb5 Bb8 10. dxe5 Nxe5 11. Nxe5 Bxe5 12. Bd2 a6 13. Bc3 Bxc3+ 14. Nxc3 O-O {½-½ (37) Commons,K (2465)-Inkiov,V (2495) Plovdiv 1982}) 8. O-O e5 9. cxd5 cxd5 {[#] Strongly threatening ...e4.} 10. Nb5 $146 {D46: Semi-Slav: 5 e3 Nbd7 6 Bd3, Black avoids the Meran} (10. e4 exd4 11. Nxd5 Nxd5 12. exd5 h6 13. Nxd4 Qh4 14. Nf3 Qh5 15. Bh7+ Kh8 16. Qf5 Qxf5 17. Bxf5 Nf6 18. Bd3 Nxd5 19. Rd1 Bc5 20. Bc4 Nb6 21. Bb3 {½-½ (44) Leko,P (2679)-Duda,J (2738) Germany 2019}) 10... Bb8 {Hoping for ...e4.} 11. dxe5 Nxe5 12. Nxe5 Bxe5 13. Bd2 a6 14. Bc3 Bxc3 15. Nxc3 d4 16. Ne4 h6 17. Nxf6+ Qxf6 18. e4 Bd7 19. f4 Qb6 20. e5 Rac8 21. Qe2 Bb5 22. Rad1 Rc5 23. f5 (23. h3 $11) 23... Bxd3 $15 24. Rxd3 Qb5 25. f6 {[#] Threatens to win with fxg7.} Rxe5 26. Qg4 {[%csl Gf6][%cal Rg4g7]} Rg5 (26... g5 $17 27. Qxd4 Rfe8) 27. Qxd4 $11 Qc5 ({Black should play} 27... g6) 28. fxg7 Qxd4+ 29. Rxd4 Rxg7 {[%mdl 4096] Endgame KRR-KRR} 30. Rd6 Rc8 31. Rb6 Rc7 $1 {The position is equal.} 32. h3 Rg6 33. Rff6 (33. Rxg6+ {keeps more tension.} fxg6 34. Rf6 Kg7 35. Rb6 h5 36. a3) 33... Rxf6 34. Rxf6 {KR-KR} Kg7 35. Rb6 f6 36. Kf2 Kg6 37. Ke3 h5 38. g3 Kf5 39. Kd4 Rd7+ 40. Kc5 Ke5 41. Rb3 Rd5+ 42. Kc4 $1 Rd4+ 43. Kc5 Rd5+ 44. Kc4 $1 Rd4+ 45. Kc5 {Accuracy: White = 61%, Black = 69%.} 1/2-1/2

[Event "FWCT 2019"]
[Site "Kazan"]
[Date "2019.06.01"]
[Round "2.4"]
[White "Muzychuk, Anna"]
[Black "Dzagnidze, Nana"]
[Result "0-1"]
[WhiteElo "2539"]
[BlackElo "2510"]
[Annotator "ChessBase"]
[PlyCount "84"]
[EventDate "2019.05.11"]
[EventType "tourn"]
[EventCountry "RUS"]
[SourceTitle "playchess.com"]
[Source "ChessBase"]
[SourceQuality "1"]
[TimeControl "40/5400+30:1800+30"]

1. e4 {[%emt 0:00:00]} c5 {[%emt 0:00:00]} 2. Nf3 {[%emt 0:00:00]} Nc6 {[%emt 0:00:00]} 3. Bb5 {[%emt 0:04:15]} g6 {[%emt 0:00:33]} 4. O-O {[%emt 0:02:01]} Bg7 {[%emt 0:00:07]} 5. c3 {[%emt 0:00:56]} Nf6 {[%emt 0:00:53]} 6. Qe2 {[%emt 0:00:34]} O-O {[%emt 0:01:26]} 7. d4 {[%emt 0:00:18]} d5 {[%emt 0:09:04]} 8. e5 {[%emt 0:00:55]} Ne4 {[%emt 0:00:14]} 9. Rd1 {[%emt 0:01:18]} cxd4 {[%emt 0:03:12]} 10. cxd4 {[%emt 0:00:20]} f6 {[%emt 0:02:02]} 11. Nc3 {[%emt 0:04:31]} Nxc3 {[%emt 0:04:19]} 12. bxc3 {[%emt 0:00:23]} fxe5 {[%emt 0:14:32]} 13. Nxe5 {[%emt 0:07:59]} Qc7 {[%emt 0:04:55]} 14. Nd3 {[%emt 0:16:25]} Bf5 {[%emt 0:14:00]} 15. Bf4 {[%emt 0:04:47]} Qa5 {[%emt 0:01:34]} 16. Bxc6 {[%emt 0:05:27]} bxc6 {[%emt 0:01:16]} 17. Nb4 {[%emt 0:12:23]} Rac8 {[%emt 0:00:58]} 18. Rac1 {[%emt 0:07:20]} Be4 {[%emt 0:03:43]} 19. Bg5 {[%emt 0:04:46]} c5 {[%emt 0:03:42]} 20. dxc5 {[%emt 0:02:48]} Qxc5 {[%emt 0:00:26]} 21. Be3 {[%emt 0:02:25]} d4 {[%emt 0:11:42]} 22. Bxd4 {[%emt 0:09:03]} Bxd4 {[%emt 0:00:10]} 23. Qxe4 {[%emt 0:00:01]} Bxf2+ {[%emt 0:00:20]} 24. Kh1 {[%emt 0:00:02]} Qe3 {[%emt 0:04:19]} 25. Qc2 {[%emt 0:07:43]} Rc5 {[%emt 0:06:55]} 26. Nd3 {[%emt 0:02:43]} Rg5 {[%emt 0:01:32]} 27. Qb3+ {[%emt 0:01:34]} Kg7 {[%emt 0:01:39]} 28. Nxf2 {[%emt 0:00:41]} Rxg2 {[%emt 0:02:44]} 29. Qb7 {[%emt 0:01:29]} Rxh2+ {[%emt 0:01:48]} 30. Kxh2 {[%emt 0:00:05]} Rxf2+ {[%emt 0:00:23]} 31. Qg2 {[%emt 0:00:11]} h5 {[%emt 0:03:22]} 32. Re1 {[%emt 0:01:08]} Qd2 {[%emt 0:01:48]} 33. Qxf2 {[%emt 0:00:49]} Qxf2+ {[%emt 0:00:02]} 34. Kh1 {[%emt 0:00:06]} e5 {[%emt 0:01:23]} 35. c4 {[%emt 0:00:18]} g5 {[%emt 0:00:34]} 36. c5 {[%emt 0:00:47]} g4 {[%emt 0:00:23]} 37. Rf1 {[%emt 0:00:52]} Qh4+ {[%emt 0:00:37]} 38. Kg1 {[%emt 0:00:05]} Qg3+ {[%emt 0:00:04]} 39. Kh1 {[%emt 0:00:04]} Qh3+ {[%emt 0:00:17]} 40. Kg1 {[%emt 0:00:00]} Qe3+ {[%emt 0:00:00]} 41. Kh1 {[%emt 0:00:09]} Qe4+ {[%emt 0:11:16]} 42. Kg1 {[%emt 0:00:10]} g3 {[%emt 0:01:49]} 0-1